[Event "Orsha op-A 21st"]
[Site "Orsha"]
[Date "2023.01.19"]
[Round "1"]
[White "Grigorieva, Sofia"]
[Black "Tsaruk, Maksim"]
[Result "0-1"]
[WhiteElo "1531"]
[BlackElo "2373"]
[PlyCount "82"]
[EventDate "2023.01.19"]
[EventType "swiss"]
[EventRounds "9"]
[EventCountry "BLR"]
[SourceTitle "CBM 212 Extra"]
[Source "ChessBase"]
[SourceDate "2023.03.31"]
[SourceVersion "1"]
[SourceVersionDate "2023.03.31"]
[SourceQuality "1"]

1. c4 e5 2. Nc3 Nf6 3. d3 d5 4. cxd5 Nxd5 5. Nf3 Nc6 6. g3 Be7 7. Bg2 Nb6 8. 0-0 0-0 9. b3 f5 10. Bb2 Bf6 11. Nd2 Nd4 12. Nc4 c6 13. e3 Ne6 14. Ne2 Qc7 15. Qc2 f4 16. d4 exd4 17. Nxf4 dxe3 18. fxe3 Bxb2 19. Nxb2 Qe5 20. Rfe1 Ng5 21. Nc4 Qc5 22. Nd3 Qe7 23. Nxb6 axb6 24. Nf4 Ra5 25. e4 Bg4 26. Qc4+ Nf7 27. Nd3 Be6 28. Qd4 Qd8 29. Qe3 Ne5 30. Nf4 Bf7 31. Red1 Rxa2 32. Rac1 Qf6 33. Qxb6 g5 34. Nd3 Rxg2+ 35. Kxg2 Qf3+ 36. Kg1 Nxd3 37. Rf1 Qxe4 38. Rcd1 Bd5 39. Rxf8+ Kxf8 40. Qd8+ Kf7 41. Qd7+ Kg6 0-1